MARC

LEADER 00000cam a22000004a 4500
001 musev2_20271
003 MdBmJHUP
005 20230905042152.0
006 m o d
007 cr||||||||nn|n
008 130521s2012 quc o 00 0 fre d
010 |z  2012398707 
020 |a 9782760533639 
020 |z 9782760533622 
035 |a (OCoLC)843881958 
040 |a MdBmJHUP  |c MdBmJHUP 
245 0 3 |a La médiation culturelle :   |b Le sens des mots et l'essence des pratiques /   |c sous la direction de Jean-Marie Lafortune ; preface de Jean Caune. 
264 1 |a Quebec :  |b Presses de l'Universite du Quebec,  |c 2012. 
264 3 |a Baltimore, Md. :  |b Project MUSE,   |c 2013 
264 4 |c ©2012. 
300 |a 1 online resource (250 pages):   |b illustrations 
336 |a text  |b txt  |2 rdacontent 
337 |a computer  |b c  |2 rdamedia 
338 |a online resource  |b cr  |2 rdacarrier 
490 0 |a Collection Publics et culture 
505 0 |a ""Table des matiÃ?res""; ""PrÃface""; ""Liste des tableaux et des figures""; ""Introduction""; ""Chapitre 1 -- Sources de la mÃdiation culturelle""; ""Chapitre 2 -- Acteurs et dispositifs de la mÃdiation culturelle""; ""Chapitre 3 -- Enjeux et limites de la mÃdiation culturelle""; ""Chapitre 4 -- Mesures et dÃmesures""; ""Chapitre 5 -- La mÃdiation culturelle en dÃbat à partir d'Ãtudes de cas""; ""Conclusion""; ""Notices biographiques""; ""La collection Culture et publics"" 
588 |a Description based on print version record. 
650 7 |a Social change.  |2 fast  |0 (OCoLC)fst01122310 
650 7 |a Popular culture  |x Citizen participation.  |2 fast  |0 (OCoLC)fst01071349 
650 7 |a Culture.  |2 fast  |0 (OCoLC)fst00885059 
650 7 |a Cultural policy.  |2 fast  |0 (OCoLC)fst00885007 
650 7 |a Culture diffusion.  |2 fast  |0 (OCoLC)fst00885109 
650 7 |a SOCIAL SCIENCE  |x Sociology  |x General.  |2 bisacsh 
650 7 |a SOCIAL SCIENCE  |x Popular Culture.  |2 bisacsh 
650 7 |a SOCIAL SCIENCE  |x Anthropology  |x Cultural.  |2 bisacsh 
650 7 |a POLITICAL SCIENCE  |x Public Policy  |x Cultural Policy.  |2 bisacsh 
650 6 |a Diffusion culturelle  |z Quebec (Province) 
650 6 |a Culture  |x Aspect social  |z Quebec (Province) 
650 6 |a Culture populaire  |z Quebec (Province)  |x Participation des citoyens. 
650 6 |a Changement social  |z Quebec (Province) 
650 0 |a Culture diffusion  |z Quebec (Province) 
650 0 |a Popular culture  |z Quebec (Province)  |x Citizen participation. 
650 0 |a Social change  |z Quebec (Province) 
650 0 |a Culture. 
651 7 |a Quebec.  |2 fast  |0 (OCoLC)fst01207316 
651 6 |a Quebec (Province)  |x Politique culturelle. 
651 0 |a Quebec (Province)  |x Cultural policy. 
655 7 |a Electronic books.   |2 local 
700 1 |a Lafortune, Jean-Marie. 
710 2 |a Project Muse.  |e distributor 
830 0 |a Book collections on Project MUSE. 
856 4 0 |z Texto completo  |u https://projectmuse.uam.elogim.com/book/20271/ 
945 |a Project MUSE - Custom Collection 
945 |a Project MUSE - 2012 Complete Supplement